| Tag |
First Indicator |
Second Indicator |
Subfields |
| LEADER |
00000cam a2200000I 4500 |
| 001 |
in00001710021 |
| 005 |
20151024170102.0 |
| 008 |
741008s1948 nyua 000 0 eng |
| 010 |
|
|
|a 48000548
|
| 035 |
|
|
|a (OCoLC)ocm01035502
|
| 040 |
|
|
|a DLC
|c WAL
|d OCL
|d UBA
|d OCL
|d BUF
|d UtOrBLW
|
| 049 |
|
|
|a TXAM
|c [410835]
|
| 050 |
0 |
0 |
|a D734
|b .A7 1948
|
| 082 |
0 |
|
|a 940.531
|
| 100 |
1 |
|
|a Arne, Sigrid.
|
| 245 |
1 |
0 |
|a United nations primer. :
|b [The key to the conferences].
|
| 250 |
|
|
|a Rev. ed.
|
| 264 |
|
1 |
|a New York :
|b Rinehart,
|c [1948]
|
| 300 |
|
|
|a vii, 266 pages :
|b diagram ;
|c 22 cm.
|
| 336 |
|
|
|a text
|b txt
|2 rdacontent
|
| 337 |
|
|
|a unmediated
|b n
|2 rdamedia
|
| 338 |
|
|
|a volume
|b nc
|2 rdacarrier
|
| 505 |
0 |
0 |
|t The Atlantic Charter --
|t The United Nations Declaration --
|t Casablanca --
|t The Food Conference --
|t The First Quebec Conference --
|t Moscow --
|t The United Nations Relief Conference --
|t Cairo --
|t Tehran --
|t The Ilo Meeting --
|t Bretton Woods --
|t The Second Quebec Conference --
|t The Aviation Conference --
|t Yalta --
|t The San Francisco Conference --
|t Potsdam --
|t The Council of Foreign Ministers --
|t The Security Council --
|t The General Assembly.
|
| 650 |
|
0 |
|a World War, 1939-1945
|v Congresses.
|
| 610 |
2 |
0 |
|a United Nations.
|
| 650 |
|
7 |
|a Historia Geral (Guerras Mundiais)
|2 larpcal
|
| 994 |
|
|
|a E0
|b TXA
|
| 999 |
|
|
|a MARS
|
| 999 |
f |
f |
|s 86489c53-0953-31b6-9e34-5166b0d61476
|i 03be010a-ef54-3f5c-b477-93ca1cc530d2
|t 0
|
| 952 |
f |
f |
|p ric
|a Texas A&M University
|b Rellis Campus
|c Joint Library Facility
|d Remote Storage
|t 0
|e D734 .A7 1948
|h Library of Congress classification
|i unmediated -- volume
|m A14801465250
|
| 998 |
f |
f |
|a D734 .A7 1948
|t 0
|l Remote Storage
|